| 000 | 00389nam a2200133Ia 4500 | ||
|---|---|---|---|
| 008 | 210430s9999 xx 000 0 und d | ||
| 020 | _a0-471-64797-7 | ||
| 082 | _a153.852 B337 H | ||
| 100 |
_aJoel Bauer _954080 |
||
| 245 |
_aHow to Persuade People Who don't Want to be Persuaded _cJoel Bauer & Mark Levy |
||
| 260 |
_aNew jersey _bJohn Wiley _c2004 |
||
| 300 | _a242p | ||
| 942 |
_cBK _2ddc |
||
| 999 |
_c564541 _d564541 |
||